1540 1227 1599 1121 1794 1177 1952 1737 1142 1266 1721 1388 1151 1717 1662 1318 1512 1188 1802 1071 1026 1887 1145 1130 1604 1318 1739 1599 1601 1524 1911 1463 1388 1533 1961 1785 1855 1965 1296 1287 1490 1225 1312 1119 1139 1174 1485 1473 1288 1063 1612 1236 1521 1466 1295 1717 1358 1014 1766 1583 1777 1956 1395 1135 1435 1933 1047 1513 1369 1384 1731 1450 1043 1761 1597 1715 1101 1635 1099 1180 1969 1581 1282 1584 1072 1316 1069 1894 1230 1922 1998 1200 1306 1595 1605 1941 1889 1590 1616 BCNSPRNW ULIB Ver.6.0+V

เปลี่ยนเป็นภาษาไทย

Change to English
 แสดงรายละเอียดบรรณานุกรม
  กลับหน้าหลัก

Brief Record : Get Marc (ISO 2709) : E-mail record : QR code < ปิดหน้าต่าง
LEADER : 00000nam 2200000uu 4500
001    13399111501
003     ULIB
008    110629s2550||||th 000 0 tha d
020    9789740963257
060 04 QU4^bพ524 2550
245 00 ตำราชีวเคมี /^cบรรณาธิการ พัชรี บุญศิริ...[และคนอื่นๆ]
250    พิมพ์ครั้งที่ 5
260    ขอนแก่น :^bภาควิชาชีวเคมี คณะแพทยศาสตร์ มหาวิทยาลัยขอนแก่น,^c2550
300    576 หน้า :^bภาพประกอบ
650  7 ชีวเคมี
650  7 ชีวโมเลกุล
700 0  เปรมใจ อารีจิตรานุสรณ์,^cบรรณาธิการ
710 2  มหาวิทยาลัยขอนแก่น. ^bคณะแพทยศาสตร์. ^bภาควิชาชีวเคมี
945    ^p390^l0^i16566
945    ^p390^l0^i15165
945    ^p390^l0^i15164
945    ^p390^l0^i18438
945    ^p390^l0^i18439
945    ^p390^l0^i18440
945    ^p390^l0^i18441
945    ^p390^l0^i18443
945    ^p390^l0^i18615
945    ^p390^l0^i15166
995    กัณชพร
999    ^aใช้งานได้ทุกระบบ
รายการนี้ยังไม่มีแท็ก
คุณยังไม่ได้ล็อกอิน คุณสามารถมีกิจกรรมร่วมกับเว็บไซต์ได้ แต่ต้องล็อกอินก่อน ::
  ล็อกอิน

รายการสื่อสารสนเทศ

ลำดับที่ ประเภท เลขเรียก/บาร์โค้ด สถานที่ สถานะ
1. วิทยาศาสตร์การแพทย์ และสุขภาพ
วิทยาศาสตร์การแพทย์ และสุขภาพ
QU4 พ524 2550 ฉ.12 
  Barcode: 15166
ห้องสมุดวิทยาเขตสวรรค์ประชารักษ์
►หนังสือทั่วไป
บนชั้น
2. วิทยาศาสตร์การแพทย์ และสุขภาพ
วิทยาศาสตร์การแพทย์ และสุขภาพ
QU4 พ524 2550 ฉ.6 
  Barcode: 18439
ห้องสมุดวิทยาเขตสวรรค์ประชารักษ์
►ส่วนจัดเก็บหนังสือเก่า สปร
บนชั้น
  ขอยืม

รายการใกล้เคียง
    หัวเรื่อง [ชีวเคมี]
    หัวเรื่อง [ชีวโมเลกุล]

BibComment


ยังไม่เคยถูกคอมเมนท์

คอมเมนท์ทรัพยากรรายการนี้
  คอมเมนท์: ตำราชีวเคมี บรรณ..


 Copyright 2026. Bcnsprnw @Library